000
00319nam a2200133Ia 4500
005
20260328101525.0
008
260328s9999||||xx |||||||||||||| ||und||
100
_a
Schulze, Sabine
245
0
_a
Apple Design /
_c
Sabine Schulze
260
_b
Hatje Cantz
300
_a
319 p.
650
_a
DISEÑO INDUSTRIAL
942
_c
BK
999
_c
9756
_d
9756